Marc Chagall und Bella im Roman "Die Farben des verlorenen Paradies" von Barbara Krause und im Gedicht "Chagall" von Joanna Kulmowa
| Titel: | Marc Chagall und Bella im Roman "Die Farben des verlorenen Paradies" von Barbara Krause und im Gedicht "Chagall" von Joanna Kulmowa |
|---|---|
| Verfasser: | |
| In: |
Deutsch-polnische Beziehungen in Kultur und Literatur ; 4. 13. - 15. April 2012, (2012), Seite 95-102, 8 Abb. alle Artikel anzeigen |
| Veröffentlicht: | 2012 |
| Format: | Aufsatz |
| Sprache: | Deutsch |
X
alg: 39275363 001A $01999:11-11-16 001B $01999:21-05-21 $t16:55:15.000 001D $01999:11-11-16 001U $0utf8 001X $00 002@ $0Aox 003@ $0392753634 007A $0392753634 $aHEB 007T $0Herdc0098874m 010@ $ager 011@ $a2012 021A $aMarc Chagall und Bella im Roman "Die Farben des verlorenen Paradies" von Barbara Krause und im Gedicht "Chagall" von Joanna Kulmowa 028A $aPodemska $dAnna 031A $h95-102, 8 Abb. $j2012 039B $aIn $8--Afu--. Deutsch-polnische Beziehungen in Kultur und Literatur ; 4. 13. - 15. April 2012. - Warszawa : Inst. Germanistyki Uniw. Warszawskiego, 2012. - 344 S.. - Ill.. - ISBN 83-89919-81-8 $x201200000000000905 $9334894433 045F $a800 $eDDC23BSB 045F/01 $a800 045F/03 $g438 lok: 39275363 78 exp: 39275363 78 1 #EPN 201B/01 $013-11-18 $t23:43:03.000 201U/01 $0utf8 203@/01 $0788853007 208@/01 $a11-11-16 $be 209A/01 $a/ $f000 $x00 220C/01 $aTitelaufnehmer: pg 220C/01 $aHerkunft: HI Marburg 244Z/01 $2Trx $#Poola $#Lenkija $#Polija $#Polen Land $#Poland $#Lengyelország $#Poľsko $#Polsko $8--Trx--Polska$gkraj $x01 $9391345966 244Z/01 $#Kulmova, Joana $#Kulma, Joanna Maria $7119343541 $8--Tp1--Kulmowa, Joanna$Z1928-2018 $x02 $9087683342 244Z/01 $2Trx $#lüürika $#lyrika $#Poetry $#líra $#poezja $#lyrika $#lyrika $#Poesie $#Dichtung $#liryka $#básnictvo $#poézia $#básnictví $#poezie $8--Trx--Lyrik $x03 $939135986X 244Z/01 $2Trx $8--Trx--Einzelbeiträge $x04 $9391384570 245Z/01 $a11.08 $x01 247C/01 $82080>Marburg/Lahn, Herder-Institut, Forschungsbibliothek, Bibliographieportal $9336309341
| LEADER | 00000caa a22000002c 4500 | ||
|---|---|---|---|
| 001 | 392753634 | ||
| 003 | DE-603 | ||
| 005 | 20210521165515.0 | ||
| 007 | tu | ||
| 008 | 161111s2012 xx |||| | u00||u|ger c | ||
| 035 | |a (DE-599)HEB392753634 | ||
| 040 | |a DE-603 |b ger |c DE-603 |d DE-603 | ||
| 041 | |a ger | ||
| 082 | 0 | 4 | |8 1\u |a 800 |q DE-101 |2 23/BSB |
| 085 | |8 1\u |b 800 | ||
| 085 | |8 1\u |z 2 |s 438 | ||
| 100 | 1 | |a Podemska, Anna | |
| 245 | 0 | 0 | |a Marc Chagall und Bella im Roman "Die Farben des verlorenen Paradies" von Barbara Krause und im Gedicht "Chagall" von Joanna Kulmowa |
| 264 | 0 | |c 2012 | |
| 773 | 0 | 8 | |i In |t Deutsch-polnische Beziehungen in Kultur und Literatur ; 4. 13. - 15. April 2012 |d Warszawa : Inst. Germanistyki Uniw. Warszawskiego, 2012 |h 344 S., Ill. |z 8389919818 |g (2012), Seite 95-102, 8 Abb. |w (DE-603)334894433 |
| 924 | 0 | |9 2080 |a (DE-603)788853007 |b DE-2080 |c HES |d d |g / | |


